|
|
|
|
| LEADER |
01414nam a22003132a 4500 |
| 001 |
001428752 |
| 003 |
CZ BrMZK |
| 005 |
20141016094634.0 |
| 007 |
ta |
| 008 |
141015s1936 xo er|||||||||||cze d |
| 020 |
|
|
|q (Brož.)
|
| 035 |
|
|
|a (OCoLC)85537689
|
| 040 |
|
|
|a ABA001
|b cze
|c BOA001
|d ABA001
|
| 041 |
0 |
|
|a cze
|b ger
|
| 100 |
1 |
|
|a Budil, Václav,
|d 1894-1982
|7 jk01020139
|4 aut
|
| 245 |
1 |
0 |
|a Hypografé jako předchůdce císařského reskriptu římského práva.
|n Studií o římském reskriptu část I,
|p Právo řecko-egyptské, Historickoprávní příspěvek k nauce o právních pramenech, Současně příspěvek k dějinám abstraktní obligace /
|c napsal Václav Budil
|
| 246 |
3 |
0 |
|a Historickoprávní příspěvek k nauce o právních pramenech
|
| 246 |
3 |
0 |
|a Současně příspěvek k dějinám abstraktní obligace
|
| 246 |
3 |
0 |
|a Právo řecko-egyptské
|
| 260 |
|
|
|a V Bratislavě :
|b Právnická fakulta university Komenského,
|c 1936
|
| 300 |
|
|
|a 81 s. ;
|c 25 cm
|
| 490 |
1 |
|
|a Knihovna právnické fakulty university Komenského v Bratislavě ;
|v sv. 44
|
| 504 |
|
|
|a Obsahuje bibliografické odkazy a rejstřík
|
| 546 |
|
|
|a Německé resumé
|
| 830 |
|
0 |
|a Knihovna právnické fakulty university Komenského v Bratislavě
|
| 910 |
|
|
|a BOA001
|b 3-0264.262
|
| 990 |
|
|
|a BK
|
| 991 |
|
|
|b 201410
|
| 996 |
7 |
|
|b 2619676437
|c 3-0264.262
|l MZK
|r Sklad / do 1 hodiny
|n 1
|w 001463696
|u 000010
|a 1
|e BOA001
|j MZK50
|s A
|